00582nam a22001337a 4500008004100000082001500041100004300056245016200099260005700261300000900318942001200327999001500339952009400354230621b xxu||||| |||| 00| 0 eng d a328.4bCPA cCommonwealth Parliamentary Association areport of proceedings of the ninth Malawi commonWealth parliamentary Association conference held at Kwacha Conference centre and at Club Makokola in Mangochi aMalawibCommonwealth Parliamentary Associationc1976 a647p 2ddccBK c2150d2150 00102ddc4070a002b002d2023-06-21l0o328.4 CPAp10010440r2023-06-21w2023-06-21yBK